| 000 | 00852nam a22002417a 4500 | ||
|---|---|---|---|
| 999 |
_c20028 _d20028 |
||
| 003 | AR-CdUCM | ||
| 008 | 190322b ||||| |||| 00| 0 spa d | ||
| 040 |
_aMUNICIPALIDAD PROVINCIAL DEL CUSCO _cBIBLIOTECA MUNICIPAL DEL CUSCO |
||
| 041 | _heng | ||
| 082 |
_a621.32 / _bR21 |
||
| 100 |
_aRamirez Vasquez, Jose _941896 |
||
| 245 | _aInstalaciones eléctricas generales / | ||
| 260 |
_aEspaña : _bCEAC, _c1979. |
||
| 300 |
_a894 paginas ; _c24 cm. _bFotografías |
||
| 440 |
_aEnciclopedia CEAC de electricidad _941897 |
||
| 505 | _aContenido : Lineas eléctricas aéreas -- Localización de averías -- Fenómenos eléctricos... | ||
| 650 |
_aInstalaciones electrificas _922717 |
||
| 650 |
_aPlantas generadoras _922718 |
||
| 650 |
_aMontaje de cables _941898 |
||
| 700 |
_aSuquet Cantons, Roberto _941899 |
||
| 942 |
_2ddc _cLIBROS |
||
| 945 | _arcc | ||